000
00301nam a22001337a 4500
008
170607b xxu||||| |||| 00| 0 eng d
020
_a
9780801893193
041
_a
eng
080
_a
327
100
_a
18
101
_a
SHP
245
_a
DEMOCRATIZATION BY ELECTIONS
_c
LINDBERGS,S.I
942
_2
udc
_c
BK
999
_c
16231
_d
16231